| Tag |
First Indicator |
Second Indicator |
Subfields |
| LEADER |
00000cam a2200000 4500 |
| 001 |
in00000213931 |
| 005 |
20151009060543.0 |
| 008 |
681119s1968 nyua b 00010 eng |
| 010 |
|
|
|a 68025658
|
| 035 |
|
|
|a (OCoLC)00228744
|
| 035 |
|
|
|9 AAX3899AM
|
| 040 |
|
|
|a DLC
|c DLC
|d TXA
|d UtOrBLW
|
| 049 |
|
|
|a TXAM
|c [801333]
|
| 050 |
0 |
0 |
|a HF5438
|b .L74
|
| 082 |
0 |
|
|a 658.8/2
|
| 100 |
1 |
|
|a Luick, John F.
|
| 245 |
1 |
0 |
|a Sales promotion and modern merchandising /
|c [by] John F. Luick [and] William Lee Ziegler.
|
| 264 |
|
1 |
|a New York :
|b McGraw-Hill,
|c [1968]
|
| 300 |
|
|
|a xi, 134 pages :
|b illustrations ;
|c 21 cm.
|
| 336 |
|
|
|a text
|b txt
|2 rdacontent
|
| 337 |
|
|
|a unmediated
|b n
|2 rdamedia
|
| 338 |
|
|
|a volume
|b nc
|2 rdacarrier
|
| 490 |
1 |
|
|a Perspectives in marketing series
|
| 504 |
|
|
|a Includes bibliographies.
|
| 650 |
|
0 |
|a Sales promotion.
|
| 650 |
|
0 |
|a Merchandising.
|
| 700 |
1 |
|
|a Ziegler, William Lee.
|
| 830 |
|
0 |
|a Perspectives in marketing series.
|
| 999 |
|
|
|a MARS
|
| 999 |
f |
f |
|s ccbbf484-39e3-3d01-bf8f-3529ab4a9b65
|i fa9ce786-b20d-3dec-b5b1-a2c5fcdbcc7d
|t 0
|
| 952 |
f |
f |
|p normal
|a Texas A&M University
|b College Station
|c Sterling C. Evans Library
|d Evans: Library Stacks
|t 0
|e HF5438 .L74
|h Library of Congress classification
|i unmediated -- volume
|m A14802800152
|
| 998 |
f |
f |
|a HF5438 .L74
|t 0
|l Evans: Library Stacks
|